000 00313nam a22001337a 4500
008 170824b xxu||||| |||| 00| 0 eng d
020 _a0387908471
041 _aeng
080 _23RD
_a51
100 _a38
101 _aMAT
245 _aDIFFERENTIAL EQUATIONS AND THEIR APPLICATIONS
_cBRAUN.M
942 _2udc
_cBK
999 _c24913
_d24913